Euros Teams - Statistics

General Stats
  • This quiz has been taken 380 times
  • The average score is 17 of 22
Answer Stats
Answer % Correct
Spain
95%
England
93%
France
90%
Germany
90%
Portugal
87%
Netherlands
85%
Italy
82%
Belgium
80%
Slovenia
79%
Scotland
78%
Slovakia
77%
Denmark
75%
Serbia
73%
Austria
72%
Turkey
71%
Hungary
69%
Poland
68%
Albania
67%
Croatia
67%
Ukraine
67%
Georgia
60%
Czechia
56%
No matching quizzes found
Score Distribution
Percent of People with Each Score
Percentile by Number Answered
Your Score History
You have not taken this quiz